00198nam a2200085Ia 4500008004100000020002200041082001300063100001400076245002200090220713s9999 xx 000 0 und d a978 1 7702 0031 9 aNF 306.9 aWALKER, S 0aDEALING IN DEATH